| 000 | 00444nam a22001697a 4500 | ||
|---|---|---|---|
| 003 | OSt | ||
| 008 | 240805b |||||||| |||| 00| 0 eng d | ||
| 020 | _a9781847941831 | ||
| 082 | _a158.1 CLA | ||
| 100 | _aCLEAR, James | ||
| 245 | _aAtomic Habits : An Easy & Proven Way To Build Good Habits & Break Bad Ones | ||
| 250 | _aIst. ed., | ||
| 260 |
_aUK, _bCornerstone Press, _c2022, |
||
| 300 | _a306 p. | ||
| 650 | _aEnglish | ||
| 942 |
_2ddc _cBK |
||
| 999 |
_c12813 _d12813 |
||